zpět

Detail výsledku týmu

Pod Obrazem, Krnov

Datum a čas kvízu

27.5 Celkem bodů Celkový počet nahraných bodů na tomto kvízu bez doplňovacích otázek.
3. Pořadí na kvízu Konečné umístění týmu na tomto kvízu.

Zaznamenané odpovědi

# Otázka Odpověď Body Výsledky
1. Ve čtvrtek byl po dlouhých prů... Petr Hladík 0
2. Ruský prezident Putin uspořáda... Sauron 0
3. Svět módy přišel koncem minulé... Vivienne Westwood 0
4. Na internetové aukční síni eBa... mince s portrétem krále Karla III. 0
5. V noci na středu se jistý bask... Luka Dončić 0
6. V tomto tématu budete hledat d... Dempsey a Makepeaceová 1
7. Ve světě Azeroth, jak byl před... orkové 1
8. Nedaleko hradu Točníku se nach... Žebrák 0
9. Při stavbě zdi se cihlám klade... běhouny 0
10. V historii se pouze dvěma vědc... Marie Curie-Skłodowská 1